[Event "Warsaw Najdorf Memorial op-B"]
[Site "Warsaw"]
[Date "2023.07.12"]
[Round "2"]
[White "Szyszko, Jan"]
[Black "Posuniak, Weronika"]
[Result "1-0"]
[WhiteElo "1759"]
[BlackElo "1949"]
[PlyCount "69"]
[EventDate "2023.07.11"]
[EventType "swiss"]
[EventRounds "9"]
[EventCountry "POL"]
[SourceTitle "EXT 2024"]
[Source "ChessBase"]
[SourceDate "2023.10.10"]
[SourceVersion "1"]
[SourceVersionDate "2023.10.10"]
[SourceQuality "1"]

1. d4 d5 2. Nf3 Nf6 3. c4 c6 4. e3 e6 5. Nbd2 Bd6 6. Bd3 Nbd7 7. 0-0 0-0 8. Qc2 h6 9. b3 e5 10. dxe5 Nxe5 11. Nxe5 Bxe5 12. Bb2 Bc7 13. h3 Qd6 14. f4 Bb6 15. Rf3 Re8 16. Be5 Qe7 17. Re1 Bc7 18. Ba1 Bd6 19. e4 Bb4 20. e5 Ne4 21. Rxe4 dxe4 22. Nxe4 Rd8 23. f5 Qh4 24. Kh2 Bd7 25. c5 Be8 26. Qc4 Ba5 27. Nf6+ Qxf6 28. exf6 Bc7+ 29. Kg1 h5 30. fxg7 Rd5 31. Qe4 Bd7 32. f6 Rf5 33. Rxf5 Re8 34. Re5 Bxe5 35. Qh7# 1-0

[Event "POL-chT 2nd League"]
[Site "Jastrzebia Gora"]
[Date "2022.09.11"]
[Round "9.52"]
[White "Czarniecka, Aleksandra"]
[Black "Posuniak, Weronika"]
[Result "1-0"]
[WhiteElo "1960"]
[BlackElo "1887"]
[PlyCount "113"]
[EventDate "2022.09.03"]
[EventType "team-swiss"]
[EventRounds "9"]
[EventCountry "POL"]
[SourceTitle "CBM 210 Extra"]
[Source "ChessBase"]
[SourceDate "2022.11.30"]
[SourceVersion "1"]
[SourceVersionDate "2022.11.30"]
[SourceQuality "1"]
[WhiteTeam "Bogatynia UKS SP3"]
[BlackTeam "Lodz Okucia Budowlane"]
[WhiteTeamCountry "POL"]
[BlackTeamCountry "POL"]

1. e4 c6 2. d4 d5 3. Nc3 dxe4 4. Nxe4 Bf5 5. Ng3 Bg6 6. Nh3 h6 7. Nf4 Bh7 8. Bc4 Nf6 9. 0-0 Qd6 10. c3 Nbd7 11. Qb3 0-0-0 12. Bxf7 e5 13. Ne6 Be7 14. Nxd8 Bxd8 15. dxe5 Qxe5 16. Be3 h5 17. Bd4 Qc7 18. Be6 h4 19. Nf5 Ng4 20. Nd6+ Qxd6 21. Bxg4 Bc7 22. f4 Be4 23. Qe6 c5 24. Qxd7+ Qxd7 25. Bxd7+ Kxd7 26. Bxc5 b6 27. Bd4 Rh6 28. Rae1 Bd5 29. f5 Rh5 30. Rf2 Rg5 31. a3 h3 32. g3 Bd6 33. Be5 Bc5 34. Bd4 Bd6 35. b4 Bxg3 36. hxg3 h2+ 37. Rxh2 Rxg3+ 38. Kf2 Rf3+ 39. Ke2 Rxf5 40. Rg1 g5 41. Rf2 Bc4+ 42. Ke3 Rd5 43. Rf7+ Kc6 44. Rg7 a5 45. R1xg5 axb4 46. axb4 b5 47. R5g6+ Rd6 48. Rxd6+ Kxd6 49. Bc5+ Ke6 50. Rg5 Kf6 51. Kf4 Ke6 52. Re5+ Kf7 53. Kg5 Kg7 54. Re7+ Kg8 55. Kh6 Ba2 56. Rg7+ Kh8 57. Bd4 1-0

[Event "POL-chT 2nd League"]
[Site "Jastrzebia Gora"]
[Date "2022.09.08"]
[Round "6.89"]
[White "Posuniak, Weronika"]
[Black "Trusz, Julia"]
[Result "1-0"]
[WhiteElo "1887"]
[BlackElo "1741"]
[PlyCount "72"]
[EventDate "2022.09.03"]
[EventType "team-swiss"]
[EventRounds "9"]
[EventCountry "POL"]
[SourceTitle "CBM 210 Extra"]
[Source "ChessBase"]
[SourceDate "2022.11.30"]
[SourceVersion "1"]
[SourceVersionDate "2022.11.30"]
[SourceQuality "1"]
[WhiteTeam "Lodz Okucia Budowlane"]
[BlackTeam "Radkow Giecek"]
[WhiteTeamCountry "POL"]
[BlackTeamCountry "POL"]

1. Nf3 Nf6 2. g3 b5 3. Bg2 Bb7 4. 0-0 e6 5. b3 c5 6. c4 a6 7. Bb2 d5 8. Ne5 Qb6 9. Qc2 Be7 10. f4 Nc6 11. e3 Rd8 12. d3 Nb4 13. Qe2 dxc4 14. dxc4 Bxg2 15. Kxg2 Qb7+ 16. Kg1 Ne4 17. a3 Nc6 18. Nxc6 Qxc6 19. Bxg7 Rg8 20. Be5 h5 21. f5 exf5 22. Rxf5 h4 23. Qf3 hxg3 24. hxg3 Qh6 25. Nc3 Nd2 26. Qe2 Qg6 27. Rf2 Nxb3 28. Rd1 Rxd1+ 29. Nxd1 Qe6 30. Qf3 bxc4 31. Qa8+ Bd8 32. Qb7 Bh4 33. Qb8+ Bd8 34. Nc3 Rg4 35. Rh2 Rg8 36. Ne4 Kd7 1-0

[Event "POL-chT 2nd League"]
[Site "Jastrzebia Gora"]
[Date "2022.09.04"]
[Round "2.90"]
[White "Posuniak, Weronika"]
[Black "Hampel, Anna"]
[Result "1-0"]
[WhiteElo "1887"]
[BlackElo "1665"]
[PlyCount "103"]
[EventDate "2022.09.03"]
[EventType "team-swiss"]
[EventRounds "9"]
[EventCountry "POL"]
[SourceTitle "CBM 210 Extra"]
[Source "ChessBase"]
[SourceDate "2022.11.30"]
[SourceVersion "1"]
[SourceVersionDate "2022.11.30"]
[SourceQuality "1"]
[WhiteTeam "Lodz Okucia Budowlane"]
[BlackTeam "Krakow AGH"]
[WhiteTeamCountry "POL"]
[BlackTeamCountry "POL"]

1. d4 d5 2. c4 e6 3. Nc3 Nf6 4. cxd5 exd5 5. Nf3 Be7 6. Bf4 c6 7. h3 Nbd7 8. e3 Ne4 9. Bd3 f5 10. Ne5 Nxe5 11. Bxe5 Bf6 12. Bxe4 fxe4 13. f4 Bxe5 14. Qh5+ g6 15. Qxe5+ Kf7 16. 0-0 Bf5 17. g4 Re8 18. gxf5 Rxe5 19. fxg6+ hxg6 20. fxe5+ Kg7 21. Rf4 Qg5+ 22. Kh2 Rh8 23. Raf1 Qe7 24. Ne2 Qe6 25. h4 g5 26. Rg1 Qe7 27. Rfg4 Kf8 28. Ng3 Rxh4+ 29. Rxh4 gxh4 30. Nf5 Qb4 31. e6 Qxb2+ 32. Rg2 Qxg2+ 33. Kxg2 b5 34. Nxh4 Ke7 35. Kf2 Kxe6 36. Ke2 Kd6 37. Kd2 c5 38. Nf5+ Ke6 39. Ng7+ Kd6 40. dxc5+ Kxc5 41. Kc3 a5 42. Ne6+ Kd6 43. Nd4 b4+ 44. Kb3 Kc5 45. Nc2 Kb5 46. Nd4+ Kc5 47. Ka4 Kc4 48. Kxa5 b3 49. axb3+ Kd3 50. Nf5 d4 51. exd4 e3 52. Nxe3 1-0

[Event "POL-ch Academic (Women)"]
[Site "Chorzow"]
[Date "2021.05.15"]
[Round "9.2"]
[White "Posuniak, Weronika"]
[Black "Kubicka, Anna"]
[Result "0-1"]
[WhiteElo "1917"]
[BlackElo "2235"]
[PlyCount "76"]
[EventDate "2021.05.14"]
[EventType "swiss (rapid)"]
[EventRounds "9"]
[EventCountry "POL"]
[SourceTitle "CBM 202 Extra"]
[Source "ChessBase"]
[SourceDate "2021.07.31"]
[SourceVersion "1"]
[SourceVersionDate "2021.07.31"]
[SourceQuality "1"]

1. d4 Nf6 2. c4 c5 3. d5 e6 4. dxe6 fxe6 5. Nc3 d5 6. cxd5 exd5 7. e3 Be7 8. Bb5+ Bd7 9. Bxd7+ Qxd7 10. Nf3 Nc6 11. 0-0 0-0 12. Ne2 Rad8 13. Qb3 Bd6 14. Bd2 Kh8 15. Bc3 Ne4 16. Rad1 Bb8 17. Ng3 Bxg3 18. fxg3 b6 19. a3 Qe6 20. Bd2 Rfe8 21. Rfe1 Nxd2 22. Rxd2 Na5 23. Qc3 Nc4 24. Rde2 Re7 25. a4 Rde8 26. b3 Nd6 27. Qd3 Qe4 28. Rd2 Qxd3 29. Rxd3 d4 30. Kf2 Nf5 31. exd4 Rxe1 32. Nxe1 Nxd4 33. b4 Re2+ 34. Kf1 Ra2 35. bxc5 bxc5 36. Rc3 h6 37. Rc4 Nb3 38. Nd3 Nd2+ 0-1

[Event "EU-ch U18 Girls 27th"]
[Site "Mamaia"]
[Date "2017.09.14"]
[Round "9"]
[White "Limanovska, Elizabete"]
[Black "Posuniak, Weronika"]
[Result "1-0"]
[WhiteElo "2071"]
[BlackElo "1856"]
[PlyCount "117"]
[EventDate "2017.09.05"]
[EventType "swiss"]
[EventRounds "9"]
[EventCountry "ROU"]
[SourceTitle "EXT 2018"]
[Source "ChessBase"]
[SourceDate "2017.10.13"]
[SourceVersion "1"]
[SourceVersionDate "2017.10.13"]
[SourceQuality "1"]

1. e4 g6 2. d4 Bg7 3. Nc3 d5 4. exd5 Nf6 5. Bb5+ Nbd7 6. Nf3 0-0 7. 0-0 Nb6 8. h3 Nbxd5 9. Nxd5 Nxd5 10. Qe2 c6 11. Bc4 Qc7 12. Re1 e6 13. Bb3 b6 14. c4 Ne7 15. Qe4 Bb7 16. Bf4 Qd7 17. Ne5 Qc8 18. Rad1 b5 19. c5 Nd5 20. Bg3 a5 21. a4 Ba6 22. axb5 Bxb5 23. Nc4 Bxc4 24. Bxc4 Qb7 25. Qe2 Rfd8 26. Rd2 Nb4 27. Bd6 Bf8 28. Bf4 Bg7 29. Qe4 Nd5 30. Bxd5 Rxd5 31. Bd6 Qb4 32. Red1 e5 33. Qg4 Rxd4 34. Rxd4 exd4 35. Qd7 Qa4 36. Re1 h5 37. Re8+ Rxe8 38. Qxe8+ Kh7 39. Qxf7 Qd1+ 40. Kh2 Qe1 41. Bf8 Qe5+ 42. f4 Qf6 43. Qxg7+ Qxg7 44. Bxg7 Kxg7 45. Kg3 h4+ 46. Kf3 Kf6 47. Ke4 g5 48. Kxd4 gxf4 49. Ke4 Ke6 50. b3 Kf6 51. Kxf4 Ke6 52. g4 hxg3 53. Kxg3 Kd5 54. h4 Kxc5 55. h5 Kb4 56. h6 Kxb3 57. h7 a4 58. h8Q Ka2 59. Qc3 1-0

[Event "EU-ch U18 Girls 27th"]
[Site "Mamaia"]
[Date "2017.09.09"]
[Round "5"]
[White "Georgescu, Lena"]
[Black "Posuniak, Weronika"]
[Result "1-0"]
[WhiteElo "2246"]
[BlackElo "1856"]
[PlyCount "49"]
[EventDate "2017.09.05"]
[EventType "swiss"]
[EventRounds "9"]
[EventCountry "ROU"]
[SourceTitle "CBM 180 Extra"]
[Source "ChessBase"]
[SourceDate "2017.10.06"]
[SourceVersion "1"]
[SourceVersionDate "2017.10.06"]
[SourceQuality "1"]

1. e4 g6 2. d4 Bg7 3. Nc3 d5 4. Nf3 Bg4 5. Nxd5 c6 6. Nc3 Bxf3 7. Qxf3 Qxd4 8. Be2 Nd7 9. 0-0 Ngf6 10. Rd1 Qb6 11. Be3 Qxb2 12. Bd4 e5 13. Nb5 exd4 14. Rab1 Qxc2 15. Nc7+ Ke7 16. Nxa8 Rxa8 17. Rxb7 Qxe4 18. Qa3+ Ke8 19. Bf3 Qe6 20. Kf1 Bf8 21. Qa4 Ne5 22. Re1 Be7 23. Qxd4 Nfd7 24. Rxd7 Kf8 25. Qxe5 1-0

[Event "EU-ch U18 Girls 27th"]
[Site "Mamaia"]
[Date "2017.09.06"]
[Round "2"]
[White "Felberbauer, Sara"]
[Black "Posuniak, Weronika"]
[Result "0-1"]
[WhiteElo "1614"]
[BlackElo "1856"]
[PlyCount "56"]
[EventDate "2017.09.05"]
[EventType "swiss"]
[EventRounds "9"]
[EventCountry "ROU"]
[SourceTitle "CBM 180 Extra"]
[Source "ChessBase"]
[SourceDate "2017.10.06"]
[SourceVersion "1"]
[SourceVersionDate "2017.10.06"]
[SourceQuality "1"]

1. d4 d5 2. c4 c6 3. Nf3 Nf6 4. Nc3 a6 5. e3 b5 6. b3 Bg4 7. Be2 e6 8. 0-0 Bd6 9. h3 Bh5 10. g4 Bg6 11. Ne5 Ne4 12. Nxe4 dxe4 13. f4 Qh4 14. Kg2 f6 15. Nxg6 hxg6 16. Rh1 g5 17. Bd2 gxf4 18. exf4 Nd7 19. Qc2 f5 20. cxb5 cxb5 21. Rad1 g5 22. Rdf1 Ke7 23. Be1 Qh6 24. fxg5 Qxg5 25. Bg3 Bxg3 26. Kxg3 Qe3+ 27. Kg2 f4 28. Qb2 Qg3# 0-1

[Event "EU-ch U18 Girls 27th"]
[Site "Mamaia"]
[Date "2017.09.05"]
[Round "1"]
[White "Posuniak, Weronika"]
[Black "Kubicka, Anna"]
[Result "0-1"]
[WhiteElo "1856"]
[BlackElo "2221"]
[PlyCount "74"]
[EventDate "2017.09.05"]
[EventType "swiss"]
[EventRounds "9"]
[EventCountry "ROU"]
[SourceTitle "CBM 180 Extra"]
[Source "ChessBase"]
[SourceDate "2017.10.06"]
[SourceVersion "1"]
[SourceVersionDate "2017.10.06"]
[SourceQuality "1"]

1. d4 Nf6 2. c4 c5 3. d5 e6 4. Nc3 exd5 5. Nxd5 Nxd5 6. cxd5 d6 7. e4 g6 8. Bd2 Bg7 9. Bc3 Bxc3+ 10. bxc3 Qa5 11. Qb3 0-0 12. Nf3 Re8 13. Nd2 a6 14. Be2 b5 15. 0-0 Nd7 16. a4 b4 17. cxb4 cxb4 18. Rfb1 Rb8 19. Qg3 Ne5 20. Nb3 Qb6 21. a5 Qa7 22. Kh1 f5 23. exf5 Bxf5 24. Rc1 Be4 25. f4 Nf7 26. Bc4 Nh6 27. Re1 Nf5 28. Qh3 Qf2 29. Re2 Qxf4 30. Rae1 Re5 31. Bxa6 Bxd5 32. Rxe5 dxe5 33. Qd3 Rd8 34. Kg1 e4 35. Qc2 e3 36. Nc1 Nd4 37. Qd1 Qf2+ 0-1

[Event "POL-chT U20 2nd League"]
[Site "Szczyrk"]
[Date "2017.07.25"]
[Round "5.7"]
[White "Posuniak, Weronika"]
[Black "Kukula, Karol"]
[Result "1/2-1/2"]
[WhiteElo "1855"]
[BlackElo "1769"]
[PlyCount "93"]
[EventDate "2017.07.22"]
[EventType "team-swiss"]
[EventRounds "11"]
[EventCountry "POL"]
[SourceTitle "EXT 2019"]
[Source "ChessBase"]
[SourceDate "2018.10.10"]
[SourceVersion "1"]
[SourceVersionDate "2018.10.10"]
[SourceQuality "1"]

1. d4 Nf6 2. c4 e6 3. Nc3 Bb4 4. Qc2 c5 5. a3 cxd4 6. axb4 dxc3 7. bxc3 Qc7 8. c5 d5 9. e3 b6 10. Bb5+ Bd7 11. cxb6 Qxb6 12. Bxd7+ Nbxd7 13. Ne2 0-0 14. 0-0 Rfc8 15. Qa4 Ne5 16. Rd1 Ne4 17. h3 Nc4 18. Qa6 h6 19. Rd3 Qc7 20. f3 Ng3 21. Nd4 Qb6 22. Kh2 Nh5 23. f4 Nf6 24. Nb5 Ne4 25. Kg1 Ned6 26. Nd4 Ne4 27. Nb5 Ncd6 28. Nxd6 Nxd6 29. Bd2 Nc4 30. Be1 Rc6 31. Qxb6 Rxb6 32. e4 Rb5 33. exd5 exd5 34. Ra6 Rb6 35. Rxb6 Nxb6 36. Bf2 Rc8 37. Bxb6 axb6 38. Rxd5 Rxc3 39. Rd8+ Kh7 40. Rd6 Rc4 41. Rxb6 Rxf4 42. Rb8 g6 43. b5 Rb4 44. b6 Rb2 45. b7 Kg7 46. Kf1 h5 47. Kg1 1/2-1/2

[Event "POL-chT3 Podkarpackie"]
[Site "Czudec"]
[Date "2016.06.19"]
[Round "9.18"]
[White "Wolowiec, Malgorzata"]
[Black "Posuniak, Weronika"]
[Result "1/2-1/2"]
[WhiteElo "1857"]
[BlackElo "1740"]
[PlyCount "94"]
[EventDate "2016.05.27"]
[EventType "team-tourn"]
[EventRounds "9"]
[EventCountry "POL"]
[SourceTitle "EXT 2018"]
[Source "ChessBase"]
[SourceDate "2017.10.13"]
[SourceVersion "1"]
[SourceVersionDate "2017.10.13"]
[SourceQuality "1"]
[WhiteTeam "Przemysl MKS Polonia"]
[BlackTeam "Rzeszow RzKSz"]
[WhiteTeamCountry "POL"]
[BlackTeamCountry "POL"]

1. d4 d5 2. c4 c6 3. cxd5 cxd5 4. Nc3 Nc6 5. Nf3 Nf6 6. Bf4 a6 7. h3 e6 8. e3 Bd6 9. Bxd6 Qxd6 10. Bd3 0-0 11. 0-0 e5 12. dxe5 Nxe5 13. Nd4 Nxd3 14. Qxd3 Re8 15. Nde2 Qe5 16. Qd4 Qxd4 17. Nxd4 Be6 18. Rfd1 Ne4 19. Nxe4 dxe4 20. Nxe6 Rxe6 21. Rd7 Rb6 22. Rad1 Re8 23. b3 Kf8 24. Rc7 Rbe6 25. Rxb7 R6e7 26. Rdd7 Rxd7 27. Rxd7 Rc8 28. Rd2 Ke7 29. Kh2 Ke6 30. Kg3 f5 31. Kf4 h6 32. g4 g5+ 33. Kg3 f4+ 34. exf4 Rc3+ 35. Kh2 gxf4 36. h4 Ke5 37. g5 hxg5 38. hxg5 e3 39. fxe3 fxe3 40. Rg2 Kf4 41. g6 Rc8 42. g7 Rg8 43. Kg1 Kf3 44. Rg6 e2 45. Rf6+ Ke3 46. Re6+ Kf3 47. Rf6+ Ke3 1/2-1/2

[Event "POL-chT3 Podkarpackie"]
[Site "Czudec"]
[Date "2016.06.18"]
[Round "6.11"]
[White "Posuniak, Weronika"]
[Black "Cyboran, Katarzyna"]
[Result "0-1"]
[WhiteElo "1740"]
[BlackElo "1823"]
[PlyCount "146"]
[EventDate "2016.05.27"]
[EventType "team-tourn"]
[EventRounds "9"]
[EventCountry "POL"]
[SourceTitle "EXT 2018"]
[Source "ChessBase"]
[SourceDate "2017.10.13"]
[SourceVersion "1"]
[SourceVersionDate "2017.10.13"]
[SourceQuality "1"]
[WhiteTeam "Rzeszow RzKSz"]
[BlackTeam "Czarna LKSz GCKiP"]
[WhiteTeamCountry "POL"]
[BlackTeamCountry "POL"]

1. d4 e6 2. Nf3 f5 3. Bf4 Nf6 4. e3 d5 5. Nbd2 c6 6. c3 Bd6 7. Ne5 0-0 8. Be2 Qc7 9. h3 c5 10. b3 Nbd7 11. Ndf3 Ne4 12. Rc1 b6 13. 0-0 Bb7 14. Bb5 Ndf6 15. Bd3 Rac8 16. Rc2 Kh8 17. Ng5 Nxg5 18. Bxg5 Nd7 19. Nxd7 Qxd7 20. f4 c4 21. Be2 cxb3 22. axb3 Rc7 23. Qa1 a5 24. Rfc1 Rfc8 25. Qb2 b5 26. Bh4 a4 27. b4 Bc6 28. Be1 Qf7 29. h4 h6 30. g3 Kg8 31. Bf3 Kf8 32. Rg2 Ke7 33. Rb1 Rg8 34. Qe2 g5 35. Qf1 Kd8 36. Be2 Rb7 37. Kh2 Qe8 38. g4 Rbg7 39. Kh3 h5 40. gxh5 g4+ 41. Kh2 Rh7 42. Bg3 Rxh5 43. Kg1 Be7 44. Rh2 Rgh8 45. Qf2 Kc7 46. Kg2 Qd8 47. Rbh1 Kb6 48. Qe1 Bb7 49. Qf2 Bf6 50. Kf1 Qc7 51. Kg2 Qxc3 52. Rb1 Qc2 53. Re1 Qb2 54. Qf1 Rc8 55. Bf2 Ba6 56. Rb1 Qc3 57. Bd3 Qc7 58. Bg3 Rch8 59. Qf2 Qd8 60. Rbh1 Qe7 61. Qe1 Qd8 62. Qc3 Be7 63. Rc1 Bb7 64. Rch1 Qd6 65. Rb1 Rc8 66. Qd2 Qc7 67. Qe2 Ba6 68. Rhh1 Rch8 69. Rbc1 Qd8 70. Rc2 Bxh4 71. Rhc1 Bxg3 72. Rc6+ Kb7 73. Rxa6 Rh2+ 0-1

[Event "POL-chT3 Podkarpackie"]
[Site "Czudec"]
[Date "2016.06.18"]
[Round "7.23"]
[White "Trybowska, Anna"]
[Black "Posuniak, Weronika"]
[Result "0-1"]
[WhiteElo "1555"]
[BlackElo "1740"]
[PlyCount "116"]
[EventDate "2016.05.27"]
[EventType "team-tourn"]
[EventRounds "9"]
[EventCountry "POL"]
[SourceTitle "EXT 2018"]
[Source "ChessBase"]
[SourceDate "2017.10.13"]
[SourceVersion "1"]
[SourceVersionDate "2017.10.13"]
[SourceQuality "1"]
[WhiteTeam "Bystrowice"]
[BlackTeam "Rzeszow RzKSz"]
[WhiteTeamCountry "POL"]
[BlackTeamCountry "POL"]

1. d4 d5 2. c4 c6 3. e3 Nf6 4. Nc3 e6 5. Bd2 Bd6 6. c5 Bc7 7. Nf3 Nbd7 8. Bd3 Qe7 9. 0-0 0-0 10. e4 e5 11. exd5 cxd5 12. Bg5 Qe6 13. Bxf6 Nxf6 14. dxe5 Ne4 15. Bxe4 dxe4 16. Nxe4 Bxe5 17. Qc2 g6 18. Nxe5 Qxe5 19. Nd6 b6 20. b4 Be6 21. Rfe1 Qf4 22. Qe4 Qg5 23. f4 Qf6 24. Qe5 Qxe5 25. Rxe5 Rfd8 26. a3 Rd7 27. Rd1 Rc8 28. Rf1 Rc6 29. f5 gxf5 30. Nxf5 bxc5 31. bxc5 Rdc7 32. Nd4 Ra6 33. Nxe6 fxe6 34. Rg5+ Rg7 35. Rxg7+ Kxg7 36. Rf3 Rc6 37. Rc3 Kf6 38. Kf2 Ke5 39. Rh3 Rc7 40. Rh5+ Kd4 41. Rh6 Kd5 42. Ke2 a5 43. Kd3 Rb7 44. Kc2 Re7 45. Kb3 Kxc5 46. Ka4 e5 47. Ra6 e4 48. Rxa5+ Kc4 49. Ra6 e3 50. Rc6+ Kd3 51. Rd6+ Ke2 52. Rc6 Kd1 53. Rd6+ Ke1 54. Kb3 e2 55. Kc2 Kf2 56. Rd2 Kf1 57. Rxe2 Rxe2+ 58. Kb3 Kxg2 0-1

[Event "POL-ch U18 Girls"]
[Site "Szklarska Poreba"]
[Date "2016.03.15"]
[Round "4"]
[White "Dadello, Aleksandra"]
[Black "Posuniak, Weronika"]
[Result "1-0"]
[WhiteElo "2041"]
[BlackElo "1731"]
[PlyCount "91"]
[EventDate "2016.03.13"]
[EventType "swiss"]
[EventRounds "9"]
[EventCountry "POL"]
[SourceTitle "EXT 2018"]
[Source "ChessBase"]
[SourceDate "2017.10.13"]
[SourceVersion "1"]
[SourceVersionDate "2017.10.13"]
[SourceQuality "1"]

1. e4 c6 2. Nc3 d5 3. Nf3 Bg4 4. h3 Bxf3 5. Qxf3 e6 6. d4 dxe4 7. Qxe4 Nf6 8. Qd3 Be7 9. Bd2 0-0 10. 0-0-0 b5 11. g4 Nbd7 12. Bg2 Rc8 13. g5 Nd5 14. h4 b4 15. Ne4 c5 16. dxc5 Nxc5 17. Nxc5 Rxc5 18. Be4 Qa5 19. Bxd5 Rxd5 20. Qb3 Qc7 21. Be3 Rfd8 22. Rxd5 Rxd5 23. Qa4 Rd7 24. Rd1 Rxd1+ 25. Kxd1 Qd8+ 26. Kc1 a5 27. Qb5 Bd6 28. h5 f6 29. g6 h6 30. Qb7 Bc7 31. Qc6 Bd6 32. Qc4 Qd7 33. Qe4 Bc7 34. Qa8+ Qd8 35. Qc6 Bd6 36. c4 bxc3 37. bxc3 Kf8 38. Kc2 Ke7 39. Bb6 Qb8 40. Bxa5 Qa7 41. Bd8+ Kxd8 42. Qxd6+ Ke8 43. Qxe6+ Kf8 44. Qf7+ Qxf7 45. gxf7 Kxf7 46. a4 1-0

[Event "POL-chT3 Swietokrzyskie"]
[Site "Poland"]
[Date "2015.03.29"]
[Round "3.18"]
[White "Zareba, Grzegorz"]
[Black "Posuniak, Weronika"]
[Result "1-0"]
[WhiteElo "1994"]
[BlackElo "1694"]
[PlyCount "107"]
[EventDate "2015.03.28"]
[EventType "team-swiss"]
[EventRounds "9"]
[EventCountry "POL"]
[SourceTitle "EXT 2019"]
[Source "ChessBase"]
[SourceDate "2018.10.10"]
[SourceVersion "1"]
[SourceVersionDate "2018.10.10"]
[SourceQuality "1"]

1. c4 c6 2. Nc3 d5 3. cxd5 cxd5 4. d4 Nc6 5. Nf3 Bf5 6. Bg5 Qd7 7. e3 a6 8. Be2 e6 9. 0-0 Bd6 10. Rc1 f6 11. Bh4 Nge7 12. Na4 Nc8 13. Nc5 Bxc5 14. Rxc5 0-0 15. Bg3 Nd6 16. Nd2 Rfc8 17. Qb3 b5 18. Bxd6 Qxd6 19. Rfc1 Ne7 20. Qb4 Qd7 21. Nb3 e5 22. Rxc8+ Rxc8 23. Rxc8+ Nxc8 24. Nc5 Qc7 25. Qa3 exd4 26. exd4 Qf4 27. Qe3 Qxe3 28. fxe3 Nb6 29. Nxa6 Na4 30. Bxb5 Nxb2 31. Nb4 Be4 32. Bc6 Kf7 33. Bxd5+ Bxd5 34. Nxd5 Ke6 35. Nc3 Nc4 36. Kf2 f5 37. Ke2 g5 38. Kd3 Nb2+ 39. Ke2 Nc4 40. Nd1 Kd5 41. Kd3 Nd6 42. Nc3+ Kc6 43. e4 fxe4+ 44. Nxe4 Nf7 45. g4 h6 46. Kc4 Kd7 47. Kc5 Kc7 48. a4 Nd8 49. d5 Nb7+ 50. Kd4 Na5 51. Ke5 Nc4+ 52. Ke6 Kd8 53. d6 Nb6 54. Nc5 1-0

[Event "POL-chT3 Swietokrzyskie"]
[Site "Poland"]
[Date "2015.03.28"]
[Round "1.22"]
[White "Cichocki, Mariusz"]
[Black "Posuniak, Weronika"]
[Result "1/2-1/2"]
[WhiteElo "1586"]
[BlackElo "1694"]
[PlyCount "109"]
[EventDate "2015.03.28"]
[EventType "team-swiss"]
[EventRounds "9"]
[EventCountry "POL"]
[SourceTitle "EXT 2019"]
[Source "ChessBase"]
[SourceDate "2018.10.10"]
[SourceVersion "1"]
[SourceVersionDate "2018.10.10"]
[SourceQuality "1"]

1. d4 d5 2. c4 c6 3. Nf3 Nf6 4. h3 dxc4 5. e3 b5 6. a4 a6 7. axb5 cxb5 8. b3 Qb6 9. bxc4 bxc4 10. Bxc4 e6 11. 0-0 Be7 12. Ba3 Bxa3 13. Qa4+ Nbd7 14. Qxa3 Bb7 15. Nbd2 Ne4 16. Rfb1 Qc6 17. Nxe4 Qxe4 18. Qd6 Rc8 19. Bf1 Nb8 20. Ne5 Qd5 21. Qb4 Rc7 22. Qb6 Re7 23. Qb4 Nc6 24. Nxc6 Qxc6 25. Rc1 Qd7 26. Bxa6 0-0 27. Bxb7 Qxb7 28. Qc5 Ree8 29. Ra7 Qb2 30. Rca1 h6 31. Qc6 Rc8 32. Qf3 Rc1+ 33. Rxc1 Qxc1+ 34. Kh2 Qc8 35. Qb7 Qc2 36. Qf3 Qc8 37. g3 Qc4 38. Kg2 Qd3 39. h4 Qc4 40. Rd7 Qb5 41. Qb7 Qd3 42. d5 Qe4+ 43. Kg1 exd5 44. Qxd5 Qb1+ 45. Kg2 Qg6 46. h5 Qf6 47. Qf3 Qe6 48. Qd5 Qf6 49. f4 Rc8 50. Kh3 Rf8 51. Qd3 Qe6+ 52. Kh4 Re8 53. g4 Qxe3 54. Qxe3 Rxe3 55. f5 1/2-1/2

[Event "POL-ch U16 Girls"]
[Site "Karpacz"]
[Date "2015.??.??"]
[Round "8"]
[White "Glapa, Anna"]
[Black "Posuniak, Weronika"]
[Result "0-1"]
[WhiteElo "1597"]
[BlackElo "1694"]
[PlyCount "68"]
[EventDate "2015.03.??"]
[EventType "swiss"]
[EventRounds "9"]
[EventCountry "POL"]
[SourceTitle "EXT 2017"]
[Source "ChessBase"]
[SourceDate "2016.10.25"]
[SourceVersion "1"]
[SourceVersionDate "2016.10.25"]
[SourceQuality "1"]

1. e4 c6 2. d4 d5 3. exd5 cxd5 4. Bd3 Nc6 5. c3 Nf6 6. Bf4 g6 7. h3 Bg7 8. Nf3 0-0 9. 0-0 Bf5 10. Bxf5 gxf5 11. Qd3 e6 12. Nbd2 Ne4 13. Qe3 Kh8 14. Ne5 Bxe5 15. dxe5 Nxd2 16. Qxd2 Rg8 17. h4 Qxh4 18. Bg3 Qg4 19. Rae1 Rg6 20. Re3 f4 21. Rf3 fxg3 22. Rxg3 Qf5 23. Rxg6 Qxg6 24. f4 Rg8 25. Qf2 d4 26. cxd4 Nxd4 27. Rd1 Nf5 28. Rd2 b6 29. b3 Ng3 30. Qf3 Qb1+ 31. Kf2 Ne4+ 32. Ke2 Nxd2 33. Kxd2 Rd8+ 34. Kc3 Qd1 0-1

[Event "POL-ch U16 Girls"]
[Site "Karpacz"]
[Date "2015.??.??"]
[Round "5"]
[White "Pedrak, Paulina"]
[Black "Posuniak, Weronika"]
[Result "1/2-1/2"]
[WhiteElo "1454"]
[BlackElo "1694"]
[PlyCount "88"]
[EventDate "2015.03.??"]
[EventType "swiss"]
[EventRounds "9"]
[EventCountry "POL"]
[SourceTitle "EXT 2017"]
[Source "ChessBase"]
[SourceDate "2016.10.25"]
[SourceVersion "1"]
[SourceVersionDate "2016.10.25"]
[SourceQuality "1"]

1. e4 c6 2. d4 d5 3. Nc3 dxe4 4. Nxe4 Bf5 5. Ng3 Bg6 6. Nf3 Nd7 7. h4 h6 8. h5 Bh7 9. Bd3 Bxd3 10. Qxd3 Ngf6 11. Bd2 Qc7 12. c4 e6 13. 0-0-0 0-0-0 14. Ne4 Nxe4 15. Qxe4 Nf6 16. Qf4 Bd6 17. Ne5 c5 18. Bc3 Nd7 19. Qg4 Nxe5 20. dxe5 Bxe5 21. Qf3 Bxc3 22. Qxc3 Qf4+ 23. Kb1 Qe4+ 24. Ka1 Qxg2 25. Rdg1 Qxf2 26. Rxg7 Rhg8 27. Rxg8 Rxg8 28. a3 Rg1+ 29. Rxg1 Qxg1+ 30. Ka2 Qd4 31. Qc1 Qf6 32. Qe3 b6 33. Qe4 Kb8 34. Qc6 Qe7 35. Qg2 e5 36. Qg3 Qe6 37. b3 f5 38. Qg6 Qd7 39. Qxh6 e4 40. Qf4+ Qc7 41. Qxc7+ Kxc7 42. h6 e3 43. h7 e2 44. h8Q e1Q 1/2-1/2

[Event "POL-chT U19 1st League"]
[Site "Maslow Pierwszy"]
[Date "2014.07.31"]
[Round "7"]
[White "Posuniak, Weronika"]
[Black "Gora, Antonina"]
[Result "1-0"]
[WhiteElo "1708"]
[BlackElo "1832"]
[PlyCount "77"]
[EventDate "2014.07.25"]
[EventType "team-tourn"]
[EventRounds "9"]
[EventCountry "POL"]
[SourceTitle "EXT 2015"]
[Source "ChessBase"]
[SourceDate "2014.11.20"]
[SourceVersion "1"]
[SourceVersionDate "2014.11.20"]
[SourceQuality "1"]
[WhiteTeam "Kielce KMKSz Victoria U19"]
[BlackTeam "Tomaszow Lubelski UKS GIM Dwojka U19"]
[WhiteTeamCountry "POL"]
[BlackTeamCountry "POL"]

1. d4 Nf6 2. c4 g6 3. Nc3 Bg7 4. e4 d6 5. g3 0-0 6. Bg2 Nbd7 7. Nf3 e5 8. dxe5 dxe5 9. Be3 Nh5 10. 0-0 c6 11. Qd6 f5 12. exf5 gxf5 13. Qe6+ Kh8 14. Ng5 Qe8 15. Qxe8 Rxe8 16. Nf7+ Kg8 17. Nd6 Rf8 18. Bh3 Nb6 19. Bg5 f4 20. Nxc8 Nxc8 21. Ne4 h6 22. Bh4 Nf6 23. Nxf6+ Bxf6 24. Bxf6 Rxf6 25. Rfe1 Nd6 26. Rxe5 Nxc4 27. Be6+ Rxe6 28. Rxe6 fxg3 29. hxg3 Nxb2 30. Rb1 Nd3 31. Rxb7 Rf8 32. Rg6+ Kh8 33. Rxh6+ Kg8 34. f4 Re8 35. Rxc6 Re1+ 36. Kg2 Re2+ 37. Kf3 Re8 38. Rxa7 Ne1+ 39. Kg4 1-0